| 000 -LEADER |
| fixed length control field |
02282cam a2200289 a 4500 |
| 001 - CONTROL NUMBER |
| control field |
15529683 |
| 003 - CONTROL NUMBER IDENTIFIER |
| control field |
OSt |
| 005 - DATE AND TIME OF LATEST TRANSACTION |
| control field |
20170207082415.0 |
| 008 - FIXED-LENGTH DATA ELEMENTS--GENERAL INFORMATION |
| fixed length control field |
081120s2009 enk b 001 0 eng |
| 010 ## - LIBRARY OF CONGRESS CONTROL NUMBER |
| LC control number |
2008050675 |
| 020 ## - INTERNATIONAL STANDARD BOOK NUMBER |
| International Standard Book Number |
9783039107049 (alk. paper) |
| 040 ## - CATALOGING SOURCE |
| Original cataloging agency |
DLC |
| Transcribing agency |
DLC |
| Modifying agency |
DLC |
| 050 00 - LIBRARY OF CONGRESS CALL NUMBER |
| Classification number |
N6888.B4 |
| Item number |
L66 2008 |
| 082 00 - DEWEY DECIMAL CLASSIFICATION NUMBER |
| Classification number |
759.3 |
| Edition number |
22 |
| 100 1# - MAIN ENTRY--PERSONAL NAME |
| Personal name |
Long, Rose-Carol Washton. |
| 245 10 - TITLE STATEMENT |
| Title |
Of 'truths impossible to put in words' : |
| Remainder of title |
Max Beckmann contextualized / |
| Statement of responsibility, etc. |
Rose-Carol Washton Long and Maria Makela. |
| 260 ## - PUBLICATION, DISTRIBUTION, ETC. (IMPRINT) |
| Place of publication, distribution, etc. |
Oxford ; |
| -- |
New York : |
| Name of publisher, distributor, etc. |
Peter Lang, |
| Date of publication, distribution, etc. |
c2009. |
| 300 ## - PHYSICAL DESCRIPTION |
| Extent |
356 p. : |
| Other physical details |
ill. (some col.) ; |
| Dimensions |
24 cm. |
| 504 ## - BIBLIOGRAPHY, ETC. NOTE |
| Bibliography, etc |
Includes bibliographical references and indexes. |
| 505 0# - FORMATTED CONTENTS NOTE |
| Formatted contents note |
List of illustrations -- Introduction / Rose-Carol Washton Long and Maria Makela -- Space as metaphor : Beckmann and the conflicts of secessionist style in Berlin / Jay A. Clarke -- Max Beckmann's inconceivable modernism / Karen Lang -- Ambivalence : personal and political / Rose-Carol Washton Long -- "Painted sounds" : music in the art of Max Beckmann / Marsha Morton -- Some portraits from Weimar-era Frankfurt / Barbara C. Buenger -- Max Beckmann, sport and the field of cultural criticism / James Van Dyke -- Titanic sinks, departure arrives : on Beckmann, film and the fall of history painting and rise of the historical object / Peter Chametzky -- Max Beckmann : from space to place / Sabine Eckmann -- Imagining the American West : Max Beckmann in St. Louis and California / F. Forrrester-Hahn -- Between heaven and earth : Max Beckmann's last representations of the artist / David Ehrenpreis -- List of contributors -- Index. |
| 600 10 - SUBJECT ADDED ENTRY--PERSONAL NAME |
| Personal name |
Beckmann, Max, |
| Dates associated with a name |
1884-1950 |
| General subdivision |
Criticism and interpretation. |
| 650 #0 - SUBJECT ADDED ENTRY--TOPICAL TERM |
| Topical term or geographic name as entry element |
Art and society |
| General subdivision |
History |
| Chronological subdivision |
20th century. |
| 700 1# - ADDED ENTRY--PERSONAL NAME |
| Personal name |
Beckmann, Max, |
| Dates associated with a name |
1884-1950. |
| 700 1# - ADDED ENTRY--PERSONAL NAME |
| Personal name |
Makela, Maria Martha. |
| 906 ## - LOCAL DATA ELEMENT F, LDF (RLIN) |
| a |
7 |
| b |
cbc |
| c |
orignew |
| d |
1 |
| e |
ecip |
| f |
20 |
| g |
y-gencatlg |
| 942 ## - ADDED ENTRY ELEMENTS (KOHA) |
| Source of classification or shelving scheme |
|
| Koha item type |
Hard Covered Materials |
| Classification part |
N 6888 .B4L66 2008 |